ABBA If It Wasn't For The Nights-Lyrics Quiz - Statistics

General Stats
  • This quiz has been taken 82 times
  • The average score is 235 of 311
Answer Stats
Answer % Correct
I
100%
for
98%
if
98%
If
98%
it
98%
It
98%
the
98%
was
98%
wasn't
98%
a
96%
night's
96%
nights
96%
do
91%
so
91%
so,
91%
to
89%
to,
89%
me
85%
that
83%
you
83%
day
81%
have
81%
on
81%
all
79%
be
79%
could
79%
got
77%
keep
77%
my
77%
through
77%
time
77%
baby,
74%
it's
74%
its
74%
It's
74%
Oh
74%
Oh,
74%
oh,
74%
when
74%
bad,
72%
bad
72%
even
72%
Even
72%
make
72%
things
72%
alright
70%
Keeping
70%
know
70%
miss
70%
see
70%
way
70%
busy
68%
don't
68%
of
68%
work
68%
feel
66%
from
66%
How
66%
how
66%
And
64%
and
64%
at
64%
I'm
64%
lose
64%
No
64%
temper
64%
ten
64%
thinking
64%
appointments,
62%
not
62%
times
62%
doing
60%
gonna
60%
I'd
60%
light
60%
Still
60%
what
60%
is
57%
like
57%
one
57%
this
57%
never
55%
fight
53%
left
53%
say
53%
care
51%
here
51%
Now
51%
something
51%
They're
51%
turn
51%
worse
51%
prepared
49%
alone
47%
But
47%
courage
47%
help
47%
Somehow
45%
staring
45%
would
45%
clearly,
43%
must
43%
restless,
43%
pay
40%
people
40%
start
40%
wall
40%
bills
38%
Sitting
38%
them
38%
everything's
36%
fall
36%
business
34%
different
34%
shadows
32%
fear
30%
future
30%
look
23%
bright
21%
write
21%
Guess
17%
No matching quizzes found
Score Distribution
Percent of People with Each Score
Percentile by Number Answered
Your Score History
You have not taken this quiz